Piłka nożna- selekcjonerzy reprezentacji Polski - Statystyki

Ogólne statystyki
  • Ten quiz został rozwiązany 2 185 razy
    311 od ostatniego zresetowania
  • Średni wynik to 11 z 14
Statystyki odpowiedzi
Lata pracy Selekcjoner % Poprawnych
2013-2018 Adam NAWAŁKA
99%
2025- Jan URBAN
97%
2023-2025 Michał PROBIERZ
96%
2022 Czesław MICHNIEWICZ
94%
2021 Paulo SOUSA
94%
2023 Fernando SANTOS
92%
2018-2021 Jerzy BRZĘCZEK
91%
2009-2012 Franciszek SMUDA
82%
2002 Zbigniew BONIEK
71%
2012-2013 Waldemar FORNALIK
63%
2006-2009 Leo BEENHAKKER
62%
2003-2006 Paweł JANAS
53%
2000-2002 Jerzy ENGEL
50%
2009 Stefan MAJEWSKI
33%
Nie znaleziono quizów pasujących do podanych kryteriów
Rozkład punktacji
Procent ludzi z każdym wynikiem
Percentyl według liczby udzielonych odpowiedzi
Twoja historia wyników
Nie rozwiązałeś tego quizu od ostatniego zresetowania